00644cam a2200193 a 450000100100000000500170001000800410002704000530006804000130012108200240013424500580015825000110021626000700022730000250029749000320032250000380035465000250039283000330041700001635620230519124857.0740726s1956 nyua 001 0 eng d aDO-SdBNPcOClUdDLCdOCoLCdDLCdNSTdDLCdBNPHU aDO-SdBNP a808.08bR286d, 195600aReader's digest condensed books :bautumn selections. a5a ed. aPleasantville, New York :bThe Reader's Digst Association,c1956. aII. :bil. ;c20 cm.1 aL'evolution de l'humanité aLa biblioteca posee el volumen 2. 4aCuentosxColecciones 0aL'evolution de l'humanité.